Statystyki dla W jakim języku mówi się w tym kraju?

Kliknij tutaj aby rozwiązać quiz!

Ogólne statystyki

  • Ten quiz został rozwiązany 163 razy
  • Średni wynik to 6 z 12

Statystyki odpowiedzi

ZagadnienieOdpowiedź% Poprawnych
Cyprgrecki, turecki
68%
Surinamholenderski/niderlandzki
64%
Kongofrancuski
63%
Singapurangielski, chiński (mandaryński), malajski, tamilski
52%
Tanzaniasuahili
50%
Nepalnepalski
49%
Kosowoserbski, albański
49%
Finlandiafiński, szwedzki
43%
Etiopiaamharski
39%
Stany ZjednoczoneUSA nie ma języka urzędowego
34%
Belizeangielski
26%
Tadżykistanperski
20%

Rozkład punktacji

Percentyl według liczby udzielonych odpowiedzi

Procent ludzi z każdym wynikiem

Twoja historia wyników

Nie rozwiązałeś tego quizu